Capitalism of working people
Bewaard in:
| Hoofdauteur: | |
|---|---|
| Formaat: | Boek |
| Taal: | Undetermined |
| Gepubliceerd in: |
Japan
Saz¯o Idemitsu
1969
|
| Onderwerpen: | |
| Tags: |
Voeg label toe
Geen labels, Wees de eerste die dit record labelt!
|
| Thư viện lưu trữ: | Trung tâm Học liệu Trường Đại học Cần Thơ |
|---|
| LEADER | 00500nam a2200193Ia 4500 | ||
|---|---|---|---|
| 001 | CTU_79867 | ||
| 008 | 210402s9999 xx 000 0 und d | ||
| 082 | |a 658.8 | ||
| 082 | |b I.19 | ||
| 100 | |a Idemitsu, Saz¯o | ||
| 245 | 0 | |a Capitalism of working people | |
| 245 | 0 | |c Saz¯o Idemitsu | |
| 260 | |a Japan | ||
| 260 | |b Saz¯o Idemitsu | ||
| 260 | |c 1969 | ||
| 650 | |a Industrial relations | ||
| 650 | |z Japan | ||
| 904 | |i M.Loan,Hải | ||
| 980 | |a Trung tâm Học liệu Trường Đại học Cần Thơ | ||